Lawful Use Certificate (Record no. 69914)

MARC details
000 -LEADER
fixed length control field 01248cam a2200193 4500
001 - CONTROL NUMBER
control field WB3812-24
008 - FIXED-LENGTH DATA ELEMENTS--GENERAL INFORMATION
fixed length control field 020404n2002 000 0 eng u
035 ## - SYSTEM CONTROL NUMBER
System control number (Sirsi) u117350
245 ## - TITLE STATEMENT
Title Lawful Use Certificate
260 ## - PUBLICATION, DISTRIBUTION, ETC.
Date of publication, distribution, etc. 2002
490 ## - SERIES STATEMENT
Series statement Estates Gazette Case Summaries
Volume/sequential designation [2002] 13 EG 99 (CS) (30/03/02)
520 ## - SUMMARY, ETC.
Summary, etc. CA 15 March 2002. "Waltham Forest LBC v SoS Transport, Local Government and the Regions". Respondent council (W) received an application for a Lawful Use Certificate for proposed use of dwellinghouse as residential accommodation for six mentally ill people plus one carer, under Town and Country Planning Act 1990. Certificate was available as change from existing to proposed use did not need planning permission. W refused as seven people would fall outside remit of Class C3. Applicant (A) appealed to SoS (S). Appeal allowed, and certificate allowed. W challenged decision under 1990 Act s288. Certificate was quashed, as inspector should not have taken use as by large family. S appealed. Appeal dismissed.
590 ## - LOCAL NOTE (RLIN)
Local note WB
650 ## - SUBJECT ADDED ENTRY--TOPICAL TERM
Topical term or geographic name entry element LAWFUL USE CERTIFICATES
650 ## - SUBJECT ADDED ENTRY--TOPICAL TERM
Topical term or geographic name entry element TOWN AND COUNTRY PLANNING ACT 1990 S288
650 ## - SUBJECT ADDED ENTRY--TOPICAL TERM
Topical term or geographic name entry element PLANNING PERMISSION
690 ## - LOCAL SUBJECT ADDED ENTRY--TOPICAL TERM (OCLC, RLIN)
Topical term or geographic name as entry element Planning and development
9 (RLIN) 6259
942 ## - ADDED ENTRY ELEMENTS (KOHA)
Suppress in OPAC 0
Holdings
Withdrawn status Lost status Source of classification or shelving scheme Damaged status Not for loan Home library Current library Shelving location Date acquired Total Checkouts Full call number Barcode Date last seen Copy number Price effective from Koha item type
    Dewey Decimal Classification     London London News article 04/04/2002   WB3812-24 117350-1001 06/08/2019 1 06/08/2019 News article